<?xml version="1.0" encoding="UTF-8"?>
<record
    xmlns:xsi="http://www.w3.org/2001/XMLSchema-instance"
    xsi:schemaLocation="http://www.loc.gov/MARC21/slim http://www.loc.gov/standards/marcxml/schema/MARC21slim.xsd"
    xmlns="http://www.loc.gov/MARC21/slim">

  <leader>00765nam a22001577a 4500</leader>
  <controlfield tag="008">140717b        xxu||||| |||| 00| 0 eng d</controlfield>
  <datafield tag="020" ind1=" " ind2=" ">
    <subfield code="a">9780321544285</subfield>
  </datafield>
  <datafield tag="050" ind1=" " ind2=" ">
    <subfield code="a">QA76.B743</subfield>
  </datafield>
  <datafield tag="100" ind1=" " ind2=" ">
    <subfield code="a">Brookshear,J.Glenn.</subfield>
  </datafield>
  <datafield tag="245" ind1=" " ind2=" ">
    <subfield code="a">Computer Science:an overview. /</subfield>
    <subfield code="b">an overview. </subfield>
    <subfield code="c">J.Glenn Brookshear</subfield>
  </datafield>
  <datafield tag="260" ind1=" " ind2=" ">
    <subfield code="a">London:</subfield>
    <subfield code="b">Pearson addison wesley,</subfield>
    <subfield code="c">2009.</subfield>
  </datafield>
  <datafield tag="300" ind1=" " ind2=" ">
    <subfield code="a">684p.:</subfield>
    <subfield code="b">ill.;</subfield>
    <subfield code="c">25cm.</subfield>
  </datafield>
  <datafield tag="500" ind1=" " ind2=" ">
    <subfield code="a">Includes appendixes and index </subfield>
  </datafield>
  <datafield tag="505" ind1=" " ind2=" ">
    <subfield code="a">Contents: Introduction -- Data storage -- Data manipulation -- Operation systems -- Networking and the internet -- Algorithms -- Programming languages -- Software engineering -- Data abstractions -- Database systems -- Computer Graphics -- Artificial intelligence -- Theory of computation -- Appendixes</subfield>
  </datafield>
  <datafield tag="942" ind1=" " ind2=" ">
    <subfield code="2">lcc</subfield>
    <subfield code="c">BK</subfield>
  </datafield>
  <datafield tag="999" ind1=" " ind2=" ">
    <subfield code="c">3154</subfield>
    <subfield code="d">10654</subfield>
  </datafield>
  <datafield tag="952" ind1=" " ind2=" ">
    <subfield code="0">0</subfield>
    <subfield code="1">0</subfield>
    <subfield code="2">lcc</subfield>
    <subfield code="4">0</subfield>
    <subfield code="7">0</subfield>
    <subfield code="a">WIUC-1</subfield>
    <subfield code="b">WIUC-1</subfield>
    <subfield code="c">REF</subfield>
    <subfield code="d">2014-07-17</subfield>
    <subfield code="l">0</subfield>
    <subfield code="o">QA76.B743</subfield>
    <subfield code="p">7590/17/14</subfield>
    <subfield code="r">2014-07-17 00:00:00</subfield>
    <subfield code="t">1</subfield>
    <subfield code="w">2014-07-17</subfield>
    <subfield code="y">BK</subfield>
  </datafield>
  <datafield tag="952" ind1=" " ind2=" ">
    <subfield code="0">0</subfield>
    <subfield code="1">0</subfield>
    <subfield code="2">lcc</subfield>
    <subfield code="4">0</subfield>
    <subfield code="7">0</subfield>
    <subfield code="a">WIUC-1</subfield>
    <subfield code="b">WIUC-1</subfield>
    <subfield code="c">REF</subfield>
    <subfield code="d">2014-07-17</subfield>
    <subfield code="l">0</subfield>
    <subfield code="o">QA76.B7431</subfield>
    <subfield code="p">7589/15/14</subfield>
    <subfield code="r">2014-07-17 00:00:00</subfield>
    <subfield code="t">2</subfield>
    <subfield code="w">2014-07-17</subfield>
    <subfield code="y">BK</subfield>
  </datafield>
  <datafield tag="952" ind1=" " ind2=" ">
    <subfield code="0">0</subfield>
    <subfield code="1">0</subfield>
    <subfield code="2">lcc</subfield>
    <subfield code="4">0</subfield>
    <subfield code="7">0</subfield>
    <subfield code="a">WIUC-1</subfield>
    <subfield code="b">WIUC-1</subfield>
    <subfield code="c">REF</subfield>
    <subfield code="d">2014-07-17</subfield>
    <subfield code="l">0</subfield>
    <subfield code="o">QA76.B7432</subfield>
    <subfield code="p">7591/18/14</subfield>
    <subfield code="r">2014-07-17 00:00:00</subfield>
    <subfield code="t">3</subfield>
    <subfield code="w">2014-07-17</subfield>
    <subfield code="y">BK</subfield>
  </datafield>
</record>
